ბათუმის შოთა რუსთაველის სახელმწიფო უნივერსიტეტის ბიბლიოთეკა

წყნარი დონი. წ. 3. (ბიბ.ჩანაწერი № 50155)

000 -LEADER
fixed length control field 00658nam a2200217Ia 4500
001 - CONTROL NUMBER
control field 17093
003 - CONTROL NUMBER IDENTIFIER
control field GE_BSU
008 - FIXED-LENGTH DATA ELEMENTS--GENERAL INFORMATION
fixed length control field 181216s||||||||xx |||||||||||||| ||und||
040 ## - CATALOGING SOURCE
Transcribing agency GE_BSU
080 ## - UNIVERSAL DECIMAL CLASSIFICATION NUMBER
Universal Decimal Classification number 821.161.1-31
100 ## - MAIN ENTRY--PERSONAL NAME
Personal name შოლოხოვი, მ. (1905-1984)
245 ## - TITLE STATEMENT
Title წყნარი დონი. წ. 3.
245 ## - TITLE STATEMENT
Remainder of title რომანი
245 ## - TITLE STATEMENT
Statement of responsibility, etc. თარგმ. თ. ჯავახიშვილისა. რედ. რ.ქორქია
260 ## - PUBLICATION, DISTRIBUTION, ETC.
Place of publication, distribution, etc. თბილისი
260 ## - PUBLICATION, DISTRIBUTION, ETC.
Date of publication, distribution, etc. 1959
300 ## - PHYSICAL DESCRIPTION
Extent 490 გვ.20სმ
653 ## - INDEX TERM--UNCONTROLLED
Uncontrolled term რომანი
653 ## - INDEX TERM--UNCONTROLLED
Uncontrolled term წყნარი დონი
942 ## - ADDED ENTRY ELEMENTS (KOHA)
Koha item type წიგნი
ეგზემპლარები
Withdrawn status Lost status Damaged status Not for loan Date acquired Barcode Date last seen Price effective from Koha item type
        2018-12-17 21542 2018-12-17 2018-12-17 წიგნი
        2018-12-17 21543 2018-12-17 2018-12-17 წიგნი
        2018-12-17 21544 2018-12-17 2018-12-17 წიგნი
        2018-12-17 21545 2018-12-17 2018-12-17 წიგნი
        2018-12-17 21546 2018-12-17 2018-12-17 წიგნი
        2018-12-17 21547 2018-12-17 2018-12-17 წიგნი
        2018-12-17 21548 2018-12-17 2018-12-17 წიგნი